[Event "Quebec op"]
[Site "Montreal"]
[Date "1998.07.26"]
[Round "3"]
[White "Gravel, Simon Jr"]
[Black "Charbonneau, Pascal"]
[Result "1-0"]
[WhiteElo "1949"]
[BlackElo "2192"]
[PlyCount "71"]
[EventDate "1998.07.25"]
[EventType "swiss"]
[EventRounds "9"]
[EventCountry "CAN"]
[SourceTitle "EXT 2022"]
[Source "ChessBase"]
[SourceDate "2021.10.06"]
[SourceVersion "1"]
[SourceVersionDate "2021.10.06"]
[SourceQuality "1"]

1. d4 d5 2. c4 dxc4 3. e4 Nc6 4. Be3 e5 5. d5 Nce7 6. Bxc4 Nf6 7. Nc3 a6 8. Nge2 Ng6 9. 0-0 Bd6 10. a4 Qe7 11. a5 Ng4 12. Qd2 Nxe3 13. Qxe3 0-0 14. Nc1 Bc5 15. Qd2 Nf4 16. Nd3 Qg5 17. Nxf4 exf4 18. Ne2 Bh3 19. Nxf4 Bxg2 20. h4 Qxh4 21. Nxg2 Qxe4 22. Qf4 Qc2 23. b3 Bd6 24. Qg4 f5 25. Qe2 Qc3 26. Qe3 Qb4 27. Ra4 Qc5 28. Qxc5 Bxc5 29. d6+ Kh8 30. dxc7 Rac8 31. Bd5 Rxc7 32. Rc4 b5 33. axb6 Bxb6 34. Rxc7 Bxc7 35. Rc1 Be5 36. Rc6 1-0